000 00980nas a2200289 i 4500
001 2695
003 ES-MaACL
005 20250814011828.0
007 t|
008 980122d19931994sp m| | 0 ||pa d
022 _a1133-8210
080 _a(460)
080 _a57
245 0 0 _aBoletín epidemiológico y microbiológico.
260 _aMadrid :
_bCentro Nacional de Epidemiología, Instituto de Salud Carlos III,
_c1993-1994.
300 _a12 v. ;
_c30 cm.
310 _aMensual
362 0 _a1993-1994.
650 1 7 _aBiología
_2embne
_910580
710 2 _aInstituto de Salud Carlos III (Madrid)
_95004
710 2 _aCentro Nacional de Epidemiología (España)
_92765
780 0 4 _aBoletín epidemiológico semanal (1932) ISSN 0210-1653, y de: Boletín microbiológico semanal, ISSN 1131-0367.
785 0 0 _aBoletín epidemiológico semanal (1995), ISSN 1135-6286.
852 _aES-MaACL
_jHEM-H-488
866 0 _o(1993 solo supl.1)1994
999 _c2695
_d2695